000 01082nam a22003017a 4500
999 _c44827
_d44827
001 18382
003 CO-MdFUSB
005 20170809093912.0
008 170809t2013 s ||||| |||| 00| 0 s d
020 _a978-84-301-1833-5
040 _aCO-MdFUSB
_bspa
_cCO-MdFUSB
_dCO-MdFUSBC
_erda
041 0 _aspa
082 0 4 _aG 221.95 K425h
100 1 _aKessler, Rainer
_eautor
245 0 _aHistoria social del antiguo Israel
_c/ Rainer Kessler ; traducido por Manuel Olasagasti
264 4 _aSalamanca :
_bSígueme,
_c©2013
300 _a334 páginas
336 _2rdacontent
_a1
_ba1
337 _2rdamedia
_a2
_b5
338 _2rdacarrier
_a2
_b5
500 _aTítulo original en alemán : Sozialgeschichte des Alten Israel, Eine Einfuhrung \ Incluye índice de citas bíblicas e índice general
501 _arústico
505 0 0 _aLos métodos para el estudio de la historia social del antiguo Israel -- Las épocas de la historia social de Israel
650 7 _aJudíos
_9270
_xHistoria
653 _aBiblia - Historia
653 _aHistoria social - Israel
942 _cBK